Cơ sở lý thuyết hàm và giải tích hàm Tác giả: A.N. Kolmogorov, S.V. Fomine; Dịch: Võ Tiếp; Biên tập: Nguyễn Văn Thường Tập 3
Trình bày những vấn đề tổng quát của lý thuyết tổng hợp, lý thuyết độ đo và của phép tính tích phân. Phương pháp tổng quát của giải tích hàm. Khái niệm không gian mêtríc, tôpô, vectơ, enclide... Nguyên lý ánh xạ và những ứng dụng
Salvato in:
| Autore principale: | |
|---|---|
| Natura: | Libro |
| Lingua: | Vietnamese |
| Pubblicazione: |
H.
Giáo dục
|
| Serie: | Sách đại học sư phạm
|
| Soggetti: | |
| Tags: |
Aggiungi Tag
Nessun Tag, puoi essere il primo ad aggiungerne! !
|
| Thư viện lưu trữ: | Mạng thư viện Đại học Đà Nẵng |
|---|
| LEADER | 01513nam a2200349 4500 | ||
|---|---|---|---|
| 001 | 000007922 | ||
| 003 | 4099 | ||
| 005 | 20111019081011.0 | ||
| 008 | 111013s viesd | ||
| 020 | |c 3.9đ | ||
| 041 | 0 | |a vie | |
| 082 | |a 515.7 |b KO-A | ||
| 100 | 0 | |a A.N. Kolmogorov | |
| 245 | 1 | 0 | |a Cơ sở lý thuyết hàm và giải tích hàm |b Tác giả: A.N. Kolmogorov, S.V. Fomine; Dịch: Võ Tiếp; Biên tập: Nguyễn Văn Thường |c A.N. Kolmogorov |n Tập 3 |
| 260 | |a H. |b Giáo dục | ||
| 300 | |a 183tr. |c 20cm | ||
| 490 | |a Sách đại học sư phạm | ||
| 520 | |a Trình bày những vấn đề tổng quát của lý thuyết tổng hợp, lý thuyết độ đo và của phép tính tích phân. Phương pháp tổng quát của giải tích hàm. Khái niệm không gian mêtríc, tôpô, vectơ, enclide... Nguyên lý ánh xạ và những ứng dụng | ||
| 653 | |a Giải tích hàm | ||
| 653 | |a Toán | ||
| 773 | |t Cơ sở lý thuyết hàm và giải tích hàm |w 4096 | ||
| 910 | |a Thương |d 13/10/2011 | ||
| OWN | |a LSP | ||
| AVA | |a UDN50 |b LSP |d 515.7 KO-A |e unavailable |t Error 5002 Not defined in file expand_doc_bib_avail. |f 1 |g 1 |h N |i 0 |k 1 | ||
| 999 | |a From the UDN01 | ||
| AVA | |a UDN50 |b LSP |d 515.7 KO-A |e unavailable |t Error 5002 Not defined in file expand_doc_bib_avail. |f 1 |g 1 |h N |i 0 |k 1 | ||
| TYP | |a Monograph | ||
| TYP | |a Printed language | ||
| 980 | |a Mạng thư viện Đại học Đà Nẵng | ||